Bossypants / (Record no. 1385)
[ view plain ]
| 000 -LEADER | |
|---|---|
| fixed length control field | 02149cam a2200325 a 4500 |
| 005 - DATE AND TIME OF LATEST TRANSACTION | |
| control field | 20260322212058.0 |
| 008 - FIXED-LENGTH DATA ELEMENTS--GENERAL INFORMATION | |
| fixed length control field | data |
| 010 ## - LIBRARY OF CONGRESS CONTROL NUMBER | |
| LC control number | 2011002415 |
| 020 ## - INTERNATIONAL STANDARD BOOK NUMBER | |
| International Standard Book Number | 0316056863 (hbk.) |
| 020 ## - INTERNATIONAL STANDARD BOOK NUMBER | |
| International Standard Book Number | 9780316056861 (hbk.) |
| 040 ## - CATALOGING SOURCE | |
| Original cataloging agency | DLC |
| Transcribing agency | DLC |
| Modifying agency | DLC |
| -- | BTCTA |
| -- | MOF |
| -- | JRS |
| -- | UPZ |
| -- | YDXCP |
| -- | GO3 |
| -- | ABG |
| -- | VP@ |
| -- | BWX |
| -- | IXA |
| -- | DLC |
| 042 ## - AUTHENTICATION CODE | |
| Authentication code | pcc |
| 043 ## - GEOGRAPHIC AREA CODE | |
| Geographic area code | n-us--- |
| 050 00 - LIBRARY OF CONGRESS CALL NUMBER | |
| Classification number | PN2287.F4255 |
| Item number | A3 2011 |
| 082 00 - DEWEY DECIMAL CLASSIFICATION NUMBER | |
| Classification number | B |
| -- | B |
| Edition information | 22 |
| 092 ## - LOCALLY ASSIGNED DEWEY CALL NUMBER (OCLC) | |
| Classification number | 792.7 F4255 2011 |
| 001 - CONTROL NUMBER | |
| control field | data |
| 100 1# - MAIN ENTRY--PERSONAL NAME | |
| Personal name | Fey, Tina, |
| Dates associated with a name | 1970- |
| 245 10 - TITLE STATEMENT | |
| Title | Bossypants / |
| Statement of responsibility, etc. | Tina Fey. |
| 246 3# - VARYING FORM OF TITLE | |
| Title proper/short title | Bossy pants |
| 250 ## - EDITION STATEMENT | |
| Edition statement | 1st ed. |
| 260 ## - PUBLICATION, DISTRIBUTION, ETC. | |
| Place of publication, distribution, etc. | New York : |
| Name of publisher, distributor, etc. | Little, Brown and Co., |
| Date of publication, distribution, etc. | 2011. |
| 300 ## - PHYSICAL DESCRIPTION | |
| Extent | viii, 277 p. : |
| Other physical details | ill. ; |
| Dimensions | 25 cm. |
| 500 ## - GENERAL NOTE | |
| General note | "A Reagan Arthur book." |
| 505 0# - FORMATTED CONTENTS NOTE | |
| Formatted contents note | Origin story -- Growing up and liking it -- All girls must be everything -- Delaware County summer showtime! -- That's Don Fey -- Climbing Old Rag Mountain -- Young Men's Christian Association -- The Windy City, full of meat -- My honeymoon, or, A supposedly fun thing I'll never do again either -- The secrets of Mommy's beauty -- Remembrances of being very very skinny -- Remembrances of being a little bit fat -- A childhood dream, realized -- Peeing in jars with boys -- I don't care if you like it -- Amazing, gorgeous, not like that -- Dear Internet -- 30 Rock : an experiment to confuse your grandparents -- Sarah, Oprah, and Captain Hook -- There's a drunk midget in my house -- A celebrity's guide to celebrating the birth of Jesus -- Juggle this -- The mother's prayer for its daughter -- What turning forty means to me -- What should I do with my last five minutes? |
| 520 ## - SUMMARY, ETC. | |
| Summary, etc. | From her youthful days as a vicious nerd to her tour of duty on Saturday Night Live; from her passionately halfhearted pursuit of physical beauty to her life as a mother eating things off the floor; from her one-sided college romance to her nearly fatal honeymoon, comedian Tina Fey reveals all, and proves that you're no one until someone calls you bossy. |
| 600 10 - SUBJECT ADDED ENTRY--PERSONAL NAME | |
| Personal name | Fey, Tina, |
| Dates associated with a name | 1970- |
| 650 #0 - SUBJECT ADDED ENTRY--TOPICAL TERM | |
| Topical term or geographic name entry element | Women comedians |
| Geographic subdivision | United States |
| Form subdivision | Biography. |
| 650 #0 - SUBJECT ADDED ENTRY--TOPICAL TERM | |
| Topical term or geographic name entry element | Women television personalities |
| Geographic subdivision | United States |
| Form subdivision | Biography. |
| Withdrawn status | Lost status | Damaged status | Not for loan | Home library | Current library | Shelving location | Date acquired | Total checkouts | Full call number | Barcode | Date last seen | Price effective from | Koha item type |
|---|---|---|---|---|---|---|---|---|---|---|---|---|---|
| Centerville | Centerville | General stacks | 22/03/2026 | 792.702/8092 B 22 | BC0011431 | 22/03/2026 | 22/03/2026 | Books |